[Event "World Rapid 2022"]
[Site "Almaty KAZ"]
[Date "2022.12.26"]
[Round "5.42"]
[White "Petrosian, TL."]
[Black "Ivic, Velimir"]
[Result "1-0"]
[WhiteElo "2551"]
[BlackElo "2572"]
[PlyCount "89"]
[EventDate "2022.12.26"]
[EventType "rapid"]

1. Nf3 Nf6 2. g3 g6 3. Bg2 Bg7 4. O-O O-O 5. d3 d6 6. c4 e5 7. Nc3 Nc6 8. Rb1 a5 9. a3 h6 10. b4 axb4 11. axb4 Be6 12. Nd2 Qd7 13. b5 Nd8 14. Bb2 ({RR} 14. Nd5 Nxd5 15. cxd5 Bh3 16. Nc4 Bxg2 17. Kxg2 b6 18. f4 exf4 19. gxf4 Qg4+ 20. Kh1 Ra2 21. Bd2 Nb7 22. f5 Qd4 23. Qb3 Rfa8 24. e3 Qh4 25. Qd1 Nc5 26. Qe2 Ra1 27. Rxa1 Rxa1 28. Be1 Qh3 {Pashikian,A (2616)-Wojtaszek,R (2683) Khanty-Mansiysk 2011 0-1 (32)}) 14... Bh3 15. Nd5 $146 ({RR} 15. Qb3 Bxg2 16. Kxg2 Nh5 17. Nd5 Kh7 18. Ra1 Rxa1 19. Rxa1 c6 20. Nb6 Qg4 21. e3 Ne6 22. f3 Qg5 23. Nf1 f5 24. Ra7 f4 25. Rxb7 Nc5 26. Rxg7+ Nxg7 27. Qd1 cxb5 28. exf4 exf4 29. d4 Nce6 {Gutierrez Olivares,D (2354)-Eggleston,T (2188) chess.com INT 2024 1-0 (42)}) 15... Bxg2 16. Nxf6+ Bxf6 17. Kxg2 Bg7 18. d4 exd4 19. Nf3 Ne6 20. Nxd4 Ng5 21. Nf3 Bxb2 22. Nxg5 Bg7 23. Nf3 Rfe8 24. e3 Ra3 25. Qd5 c6 26. bxc6 bxc6 27. Qd2 Qe6 28. Rfd1 Qxc4 29. Rbc1 Qe4 30. Qxd6 Ra2 31. Rd2 Rxd2 32. Qxd2 Qe6 33. Qa5 Rc8 34. Qa6 Bf6 35. h4 Kg7 36. Rc5 h5 37. Qc4 Qd6 38. e4 Be7 39. Ra5 c5 40. Ra6 Qc7 41. Qc3+ Kg8 42. Qc4 Rd8 43. Rxg6+ Kf8 44. Rh6 Qd7 45. Ne5 1-0

[Event "8th Gashimov Mem Blitz"]
[Site "Baku AZE"]
[Date "2022.12.23"]
[Round "18.4"]
[White "Mamedov, Rau"]
[Black "Rapport, R."]
[Result "1-0"]
[WhiteElo "2646"]
[BlackElo "2740"]
[PlyCount "67"]
[EventDate "2022.12.22"]
[EventType "blitz"]

1. Nf3 Nf6 2. g3 g6 3. Bg2 Bg7 4. O-O O-O 5. d3 d5 6. Nbd2 Nc6 7. e4 dxe4 8. dxe4 e5 9. c3 a5 10. Qc2 Be6 ({RR} 10... b6 11. Rd1 Qe7 12. Nf1 Bb7 13. Bg5 h6 14. Bxf6 Qxf6 15. Ne3 Ne7 16. h3 h5 17. h4 Rad8 18. Nd2 Bh6 19. Ndc4 Qe6 20. Rxd8 Rxd8 21. Rd1 Re8 22. Nd5 Nxd5 23. exd5 Qf6 24. d6 Ba6 25. dxc7 {Piesik,P (2440)-Demchenko,A (2619) chess.com INT 2025 ½-½ (54)}) 11. Ng5 Bd7 12. b3 $146 ({RR} 12. Nb3 Qe7 13. Be3 Ng4 14. Bd2 a4 15. Nc1 Na5 16. h3 Nf6 17. b3 Rfd8 18. c4 Nc6 19. Bc3 Nd4 20. Qb1 h6 21. Nf3 Nxf3+ 22. Bxf3 Bxh3 23. Re1 Ng4 24. Nd3 Rd7 25. Bg2 Bxg2 26. Kxg2 Rad8 {Pondal,J (2031)-Danielsen,H (2501) Koge 2013 0-1}) 12... h6 13. Ngf3 Be6 14. Ba3 ({RR} 14. a4 Qc8 15. Re1 Rd8 16. Ba3 Bh3 17. b4 Bxg2 18. Kxg2 axb4 19. cxb4 Nd4 20. Nxd4 exd4 21. Bb2 Ra6 22. b5 Re6 23. Rac1 c6 24. Qd3 Qa8 25. bxc6 Rxc6 26. Rxc6 bxc6 27. Ra1 c5 28. a5 Ng4 {Svidler,P (2747)-Nepomniachtchi,I (2703) Moscow 2013 1-0 (55)}) 14... Re8 15. Nc4 Nd7 16. Ne3 a4 17. Rfd1 axb3 18. axb3 Bf8 19. Bb2 Rxa1 20. Rxa1 Nc5 21. Rd1 Qc8 22. Nd5 Bg7 23. Ba3 Nd7 24. b4 b5 25. Bc1 Kh7 26. Be3 Nd8 27. h4 Qb7 28. Ra1 Nc6 29. h5 g5 30. Nd2 Nd4 31. cxd4 exd4 32. e5+ Kh8 33. Nf6 Bxf6 34. Bxb7 1-0

[Event "Titled Tue 20th Dec Early"]
[Site "chess.com INT"]
[Date "2022.12.20"]
[Round "4"]
[White "Keymer, Vincent"]
[Black "Kravtsiv, M."]
[Result "1-0"]
[WhiteElo "2696"]
[BlackElo "2598"]
[PlyCount "115"]
[EventDate "2022.12.20"]

1. Nf3 d5 2. e3 Nf6 3. c4 e6 4. Nc3 Be7 5. b3 O-O 6. Bb2 c5 7. cxd5 exd5 8. d4 b6 9. Bd3 ({RR} 9. Be2 Bb7 10. O-O Nbd7 11. Rc1 Rc8 12. Ne5 Nxe5 13. dxe5 Ne4 14. f4 Nxc3 15. Bxc3 f5 16. Bf3 Qd7 17. Rf2 Rcd8 18. Rd2 Qe6 19. Qe2 Bc6 20. Rcd1 Rd7 21. g4 Rfd8 22. gxf5 Qxf5 23. Qg2 Qe6 {Potkin,V (2574)-Inarkiev,E (2689) Riadh 2017 ½-½ (64)}) ({RR} 9. Be2 Bb7 10. O-O Nbd7 11. Rc1 Rc8 12. Re1 Re8 13. g3 Nf8 14. Bb5 Bc6 15. Ba6 Rb8 16. Ne5 Ba8 17. Bb5 Bd6 18. Nc6 Bxc6 19. Bxc6 cxd4 20. Nxd5 Nxd5 21. Bxe8 Be7 22. Bc6 Nb4 23. Bxd4 Rc8 {Santos Latasa,J (2631)-Kravtsiv,M (2598) chess.com INT 2024 1-0 (31)}) 9... Nc6 10. Bb5 $146 ({RR} 10. dxc5 bxc5 11. O-O Bg4 12. Be2 Qd7 13. Rc1 Rfd8 14. Na4 Ne4 15. Nd2 Bxe2 16. Qxe2 Qf5 17. Ba3 Nb4 18. Nxe4 dxe4 19. Rc4 a5 20. Nc3 Nd3 21. Nxe4 a4 22. bxa4 Ne5 23. Ng3 Qd3 24. Re4 Qxa3 {Homa,S (2326)-Ghatti,S (2276) Charlotte 2017 ½-½ (32)}) ({RR} 10. O-O Re8 11. dxc5 bxc5 12. Rc1 Be6 13. Na4 Nd7 14. Bb5 Qc7 15. Bxc6 Qxc6 16. Nd4 Qb7 17. Nxe6 fxe6 18. Qg4 Bf6 19. Nxc5 Nxc5 20. Bxf6 Ne4 21. Be5 Re7 22. f3 Nd2 23. Rfd1 Rc8 24. Rxc8+ Qxc8 {Meshkovs,N (2531)-Boci,M (2312) chess.com INT 2025 1-0 (51)}) 10... Bb7 11. O-O Rc8 12. Ne2 a6 13. Bd3 Nb4 14. Bf5 Rc7 15. a3 Nc6 16. Rc1 Bc8 17. Bxc8 Rxc8 18. dxc5 bxc5 19. Bxf6 gxf6 20. Ng3 Qd7 21. Nh4 Rfd8 22. Nhf5 Ne5 23. Qxd5 Qxd5 24. Nxe7+ Kf8 25. Nxd5 Rxd5 26. Rc3 c4 27. f4 Nd7 28. bxc4 Rdc5 29. Rd1 Ke7 30. Rd4 Nb6 31. Rb3 Nxc4 32. h3 Nd6 33. Rbd3 R8c6 34. Kf2 f5 35. Kf3 h6 36. Rd5 Ke6 37. R5d4 Rc4 38. e4 Rxd4 39. Rxd4 Rc3+ 40. Kf2 Rxa3 41. e5 Ra2+ 42. Kg1 Nb5 43. Rc4 a5 44. Rc6+ Kd5 45. Rxh6 a4 46. Ra6 a3 47. Nxf5 Rb2 48. Nd6 Nxd6 49. exd6 a2 50. d7 Rb8 51. Rxa2 Rd8 52. Rd2+ Ke4 53. g3 Ke3 54. Rd6 Kf3 55. Kh2 f5 56. h4 Kg4 57. Kg2 Kh5 58. Kf3 1-0

[Event "Titled Tue 20th Dec Early"]
[Site "chess.com INT"]
[Date "2022.12.20"]
[Round "5"]
[White "Nakamura, Hi"]
[Black "Keymer, Vincent"]
[Result "1-0"]
[WhiteElo "2768"]
[BlackElo "2696"]
[PlyCount "113"]
[EventDate "2022.12.20"]

1. g3 d5 2. Nf3 Nf6 3. Bg2 c5 4. O-O e6 5. c4 d4 6. e3 Nc6 7. Re1 Bd6 ({RR} 7... Be7 8. exd4 cxd4 9. d3 O-O 10. Ne5 Bd7 11. Nxd7 Qxd7 12. a3 a5 13. Bg5 h6 14. Bxf6 Bxf6 15. Nd2 e5 16. Qa4 Rfe8 17. Qb5 Qc7 18. b4 axb4 19. axb4 Be7 20. c5 f5 21. Nc4 Rxa1 22. Rxa1 {Prithu,G (2415)-Dicen,E (2125) chess.com INT 2025 1-0 (46)}) 8. d3 h6 9. e4 $146 ({RR} 9. a3 a5 10. Nbd2 O-O 11. b3 e5 12. exd4 exd4 13. Nh4 Bg4 14. Qc2 Re8 15. Ne4 Nxe4 16. Bxe4 g5 17. Ng2 Kg7 18. Bd2 Qb6 19. h4 f6 20. Rab1 Ne5 21. Kh1 Nf3 22. Bxf3 Bxf3 23. Kg1 Qc6 {Ernst,L (2095)-Karttunen,M (2489) chess.com INT 2023 0-1}) ({RR} 9. exd4 cxd4 10. Na3 O-O 11. Nc2 a5 12. a3 e5 13. Rb1 a4 14. Nb4 Re8 15. Bd2 Bf5 16. h3 Bxb4 17. Bxb4 e4 18. dxe4 Bxe4 19. Rc1 Qd7 20. Qd2 Bxf3 21. Bxf3 Qxh3 22. Bd6 Qf5 23. Qf4 Qxf4 {Carlsen,M (2859)-Keymer,V (2698) chess.com INT 2022 1-0 (49)}) 9... e5 10. Nh4 Ne7 11. f4 Bg4 12. Bf3 Bd7 13. Nd2 Qc7 14. f5 a6 15. a3 b5 16. b3 Rb8 17. g4 Nc6 18. h3 Qd8 19. Ng2 Nh7 20. Be2 Be7 21. Rf1 Bg5 22. Qc2 Qe7 23. Kh2 h5 24. gxh5 Nf6 25. cxb5 axb5 26. Nf3 Bh6 27. Bxh6 Rxh6 28. Rac1 c4 29. bxc4 b4 30. axb4 Nxb4 31. Qd2 Nc6 32. Rb1 Rxh5 33. Rxb8+ Nxb8 34. Ra1 Qd6 35. c5 Qc7 36. Qb4 Bxf5 37. Ra8 Nfd7 38. Nfh4 Rxh4 39. Nxh4 Be6 40. Bg4 Bxg4 41. hxg4 Qd8 42. Nf3 Qc7 43. Kg2 f6 44. g5 Kf7 45. Qc4+ Ke7 46. g6 Qc6 47. Qd5 f5 48. Nh4 fxe4 49. dxe4 Kf6 50. Qf7+ Kg5 51. Nf3+ Kh6 52. Qf5 Qxg6+ 53. Qxg6+ Kxg6 54. c6 Nxc6 55. Ra6 d3 56. Rxc6+ Kf7 57. Rd6 1-0

[Event "Titled Tue 20th Dec Early"]
[Site "chess.com INT"]
[Date "2022.12.20"]
[Round "5"]
[White "Goryachkina, A."]
[Black "Xiong, Jeffery"]
[Result "1-0"]
[WhiteElo "2584"]
[BlackElo "2692"]
[PlyCount "105"]
[EventDate "2022.12.20"]

1. Nf3 c5 2. c4 g6 3. Nc3 Bg7 4. e3 Nf6 5. d4 cxd4 6. exd4 O-O 7. d5 e6 8. Be2 exd5 9. cxd5 Re8 ({RR} 9... d6 10. O-O Nbd7 11. Bf4 Nc5 12. Nd2 Bf5 13. Nc4 Ne8 14. Rc1 Rc8 15. Nb5 Ne4 16. Nxa7 Ra8 17. Nb5 Rxa2 18. f3 N4f6 19. Nbxd6 Nxd6 20. Bxd6 Re8 21. Ba3 Qxd5 22. Qxd5 Nxd5 23. Rfe1 Bf8 24. Bxf8 {Garv,G (2366)-Rustemov,A (2525) chess.com INT 2025 ½-½ (49)}) 10. O-O d6 11. h3 Na6 $146 ({RR} 11... Nbd7 12. Be3 Rxe3 13. fxe3 Qe7 14. Kh2 Nc5 15. Qd2 Bd7 16. Bd3 Re8 17. Rae1 Bh6 18. b4 Nce4 19. Bxe4 Nxe4 20. Qd4 Nxc3 21. Qxc3 Bb5 22. Rf2 Bg7 23. Qc2 h5 24. a4 Bd7 25. e4 Rc8 26. Qb3 {Niemann,H (2642)-Carlsen,M (2865) chess24.com INT 2022 0-1 (54)}) 12. Bf4 Nc5 13. Bb5 Re7 14. Re1 Rxe1+ 15. Qxe1 a6 16. Bf1 Bf5 17. Nd4 Nd3 18. Bxd3 Bxd3 19. Qd2 Bc4 20. Rd1 Rc8 21. Bg5 Qa5 22. b3 Bxd5 23. Bxf6 Bxf6 24. b4 Qxb4 25. Nxd5 Qxd2 26. Rxd2 Kg7 27. Nxf6 Kxf6 28. f4 h5 29. Nf3 Ke7 30. Kf2 Rc4 31. Ke3 Ra4 32. Nd4 Kf6 33. Ke4 h4 34. Kd5 Ke7 35. Rb2 b5 36. Rc2 Kd7 37. f5 g5 38. f6 b4 39. Nc6 a5 40. Nb8+ Kd8 41. Kxd6 Ra3 42. Nc6+ Ke8 43. Re2+ Kf8 44. Ne7 a4 45. Nd5 b3 46. axb3 axb3 47. Rb2 Kg8 48. Ke5 Ra2 49. Rxb3 Rxg2 50. Kf5 Rd2 51. Ne3 Kh7 52. Kxg5 Rh2 53. Ng4 1-0

[Event "Titled Tue 20th Dec Early"]
[Site "chess.com INT"]
[Date "2022.12.20"]
[Round "6"]
[White "Oparin, G."]
[Black "Moiseenko, A1."]
[Result "1-0"]
[WhiteElo "2675"]
[BlackElo "2577"]
[PlyCount "93"]
[EventDate "2022.12.20"]

1. Nf3 d5 2. g3 Nc6 3. d4 Bf5 4. Bg2 Nb4 5. Na3 e6 6. O-O Be7 7. c3 Nc6 8. c4 ({RR} 8. Qb3 Rb8 9. Ne5 Nf6 10. Qa4 O-O 11. Nxc6 bxc6 12. Qxc6 a5 13. Qa4 c5 14. Nc2 Qb6 15. dxc5 Bxc5 16. Nd4 Bg6 17. Nb3 Ra8 18. Nxc5 Qxc5 19. Be3 Qc7 20. c4 Rab8 21. cxd5 Nxd5 22. Bxd5 exd5 {Praggnanandhaa,R (2741)-Niemann,H (2734) chess.com INT 2025 1-0 (48)}) ({RR} 8. Nc2 Nf6 9. Nce1 h6 10. Nd3 O-O 11. Nfe5 Nxe5 12. Nxe5 c5 13. Be3 Qc7 14. dxc5 Bxc5 15. Bxc5 Qxc5 16. e3 Rfd8 17. Re1 Qc7 18. Qd4 Ne4 19. f4 Nc5 20. Rad1 Rac8 21. Re2 b5 22. g4 Be4 {Farfan Ortiz,E (2018)-Santiago,Y (2451) Temuco CHI 2025 0-1 (40)}) 8... Nf6 9. Bg5 $146 ({RR} 9. Ne5 h5 10. Bf4 Nb4 11. Nb5 c6 12. Nc7+ Qxc7 13. Nxf7 Qd7 14. Nxh8 Kf8 15. Be5 Kg8 16. e4 dxe4 17. Bxf6 gxf6 18. Qxh5 Kg7 19. Qf7+ Kxh8 20. Rae1 Nc2 21. Rxe4 Bxe4 22. Bxe4 f5 23. Bxc2 Rf8 {Mikhailov,V (2428)-Pajeken,J (2387) Chess.com INT 2021 1-0 (38)}) 9... Ne4 10. Bxe7 Nxe7 11. Rc1 O-O 12. Ne5 h6 13. e3 c6 14. Qe2 Bh7 15. Rfd1 a6 16. b4 f6 17. Nd3 Nf5 18. Nc5 Qe7 19. Nxe4 dxe4 20. c5 Kh8 21. Nc4 Qf7 22. Qc2 e5 23. dxe5 fxe5 24. Nxe5 Qe6 25. Nc4 Rad8 26. Rxd8 Rxd8 27. Qxe4 Qxe4 28. Bxe4 Nxg3 29. hxg3 Bxe4 30. Nd6 Bd5 31. a3 Rd7 32. e4 Be6 33. f4 g6 34. Kf2 Kg7 35. Ke3 h5 36. f5 gxf5 37. exf5 Bd5 38. Kf4 Re7 39. Kg5 Re3 40. f6+ Kf8 41. Kxh5 Rxg3 42. Re1 Bf7+ 43. Kh4 Rf3 44. Kg5 Rg3+ 45. Kf4 Rxa3 46. Re7 Bg6 47. Rxb7 1-0

[Event "Titled Tue 20th Dec Early"]
[Site "chess.com INT"]
[Date "2022.12.20"]
[Round "8"]
[White "Martinez Alcantara, Jose Eduardo"]
[Black "Perez Ponsa, F."]
[Result "1-0"]
[WhiteElo "2597"]
[BlackElo "2538"]
[PlyCount "81"]
[EventDate "2022.12.20"]

1. Nf3 Nf6 2. b3 g6 3. Bb2 Bg7 4. g3 O-O 5. c4 d6 6. Bg2 e5 7. d3 Re8 8. O-O Nc6 ({RR} 8... h6 9. Qc2 a5 10. Nc3 Be6 11. a3 Na6 12. Nd2 c6 13. e3 Nh7 14. Ne2 f5 15. d4 Bf7 16. Rfe1 Nf6 17. Rad1 e4 18. Nc3 d5 19. f3 Nc7 20. f4 g5 21. Rf1 Ng4 22. Rde1 gxf4 23. Rxf4 {Sokolovsky,Y (2416)-Firouzja,A (2785) chess.com INT 2022 0-1 (33)}) 9. e3 ({RR} 9. a3 a5 10. Nc3 e4 11. Nxe4 Nxe4 12. Bxg7 Nxf2 13. Rxf2 Kxg7 14. e4 Bg4 15. Qd2 Bxf3 16. Bxf3 Nd4 17. Raf1 Rf8 18. Bg2 c5 19. Rf6 Qxf6 20. Rxf6 Kxf6 21. Qf4+ Ke7 22. Qh4+ Kd7 23. e5 dxe5 {Rasulov,V (2500)-Kosakowski,J (2511) chess.com INT 2025 1-0 (45)}) 9... h6 $146 ({RR} 9... Bf5 10. e4 Bc8 11. Nc3 Nd7 12. Nd5 Nc5 13. b4 Ne6 14. b5 Ncd4 15. Nxd4 Nxd4 16. Bxd4 exd4 17. a4 a5 18. b6 cxb6 19. Rb1 Bd7 20. Nxb6 Ra6 21. Nxd7 Qxd7 22. f4 Rc6 23. e5 Rc7 24. Bd5 {Romero Castejon,D (2211)-Garcia Castellote,D (2028) Barcelona 2022 1-0 (46)}) 10. Nc3 Be6 11. a3 Qd7 12. Re1 Bh3 13. Rc1 Bxg2 14. Kxg2 d5 15. cxd5 Nxd5 16. Ne4 b6 17. Qc2 Nd8 18. Ned2 c5 19. e4 Nc7 20. b4 Nb7 21. Nc4 f6 22. Red1 Rad8 23. bxc5 Nxc5 24. d4 exd4 25. Bxd4 Qe7 26. e5 f5 27. Nd6 Rf8 28. Bxc5 bxc5 29. Qxc5 Ne6 30. Qc4 Kh7 31. Rb1 f4 32. Rb7 Rd7 33. Nf5 Rxb7 34. Nxe7 Rxe7 35. Rd6 Ng5 36. Nxg5+ hxg5 37. Qd3 f3+ 38. Kh3 Rf5 39. g4 Bxe5 40. gxf5 Bxd6 41. Qxd6 1-0

[Event "Titled Tue 20th Dec Late"]
[Site "chess.com INT"]
[Date "2022.12.20"]
[Round "4"]
[White "Carlsen, M."]
[Black "Makarian, Rudik"]
[Result "1-0"]
[WhiteElo "2859"]
[BlackElo "2554"]
[PlyCount "69"]
[EventDate "2022.12.20"]

1. Nf3 Nf6 2. g3 b5 3. Bg2 Bb7 4. Na3 a6 5. c4 b4 6. Nc2 e6 7. O-O Be7 8. d4 O-O 9. a3 a5 10. axb4 axb4 11. Rxa8 Bxa8 12. Bd2 Na6 13. Qa1 Bb7 $146 ({RR} 13... Be4 14. Qa4 c5 15. Ra1 cxd4 16. Ncxd4 Nc5 17. Qxb4 Ng4 18. Qc3 Bg6 19. Be1 e5 20. Nb5 d5 21. cxd5 Ne4 22. Qc6 Bc5 23. e3 Qb8 24. b4 Rc8 25. bxc5 Rxc6 26. dxc6 h5 27. c7 Qc8 28. Nd2 {Valmana Canto,J (2401)-Fleitas Batista,W (2032) Lanzarote 2019 1-0 (33)}) 14. Ne5 Qa8 15. Bxb7 Qxb7 16. Qa4 c6 17. Ra1 Ra8 18. Qb3 d6 19. Nd3 c5 20. dxc5 dxc5 21. Be3 Nd7 22. Nce1 Nc7 23. Rxa8+ Qxa8 24. Qd1 Qc6 25. Nf3 Bf6 26. b3 h6 27. Bf4 Ne8 28. h4 Qe4 29. Nxb4 Qb7 30. Nd3 h5 31. Be3 Qc6 32. Qd2 Nd6 33. Qa5 Ne4 34. Qa4 Qc7 35. Qa8+ 1-0

[Event "Titled Tue 20th Dec Late"]
[Site "chess.com INT"]
[Date "2022.12.20"]
[Round "7"]
[White "Keymer, Vincent"]
[Black "Kazakouski, Valery"]
[Result "1-0"]
[WhiteElo "2696"]
[BlackElo "2539"]
[PlyCount "93"]
[EventDate "2022.12.20"]

1. Nf3 d5 2. e3 Nf6 3. c4 e6 4. Nc3 dxc4 5. Bxc4 a6 6. e4 b5 7. Bb3 c5 ({RR} 7... Bb7 8. e5 Nd5 9. d4 c5 10. Bxd5 Bxd5 11. Bg5 Qd7 12. Nxd5 Qxd5 13. dxc5 Bxc5 14. Qxd5 exd5 15. Rd1 Nc6 16. Rxd5 Be7 17. Bxe7 Kxe7 18. Ke2 Rac8 19. Rhd1 Rhd8 20. Rxd8 Nxd8 21. Nd4 g6 22. f4 {Keymer,V (2730)-Santos Latasa,J (2624) chess.com INT 2024 1-0 (45)}) 8. d4 cxd4 9. Nxd4 Bb7 10. O-O $146 ({RR} 10. e5 Ne4 11. Nxe4 Bxe4 12. O-O Nc6 13. Nxc6 Qxd1 14. Rxd1 Bxc6 15. Be3 Be7 16. Rac1 Rc8 17. f4 g6 18. Kf2 O-O 19. Bc5 Bxc5+ 20. Rxc5 Be4 21. Rxc8 Rxc8 22. Rd2 Kf8 23. Ke3 Bf5 24. Bd1 h5 {Jacobson,B (2548)-Zhou,J (2586) Rockville 2022 ½-½ (51)}) 10... Bc5 11. Be3 Nbd7 12. e5 Nxe5 13. Nxe6 Qxd1 14. Nxg7+ Kf8 15. Bxc5+ Kxg7 16. Raxd1 Rhe8 17. Rfe1 Nfd7 18. Bd4 Kg8 19. Re3 Ng6 20. Nd5 Rxe3 21. Bxe3 Nde5 22. h3 Rc8 23. f4 Nc4 24. Bxc4 Rxc4 25. f5 Bxd5 26. Rxd5 Ne7 27. Re5 Nc6 28. Re8+ Kg7 29. Bd2 b4 30. Rc8 Rc2 31. Bg5 h6 32. Bf4 h5 33. Bg5 a5 34. b3 Kh7 35. Kh2 Kg7 36. Kg3 Rc3+ 37. Kh4 Nd4 38. f6+ Kg6 39. Rg8+ Kf5 40. Kxh5 Rg3 41. h4 Rxg2 42. Rd8 Ne6 43. Rd5+ Ke4 44. Rxa5 Nd4 45. Kh6 Nf5+ 46. Kh7 Rg4 47. Rb5 1-0

[Event "Titled Tue 20th Dec Late"]
[Site "chess.com INT"]
[Date "2022.12.20"]
[Round "8"]
[White "Makarian, Rudik"]
[Black "Andreikin, D."]
[Result "1-0"]
[WhiteElo "2554"]
[BlackElo "2729"]
[PlyCount "85"]
[EventDate "2022.12.20"]

1. Nf3 Nf6 2. g3 b5 3. Bg2 Bb7 4. d3 e6 5. e4 d6 ({RR} 5... c5 6. a4 b4 7. Nfd2 d5 8. O-O Be7 9. exd5 exd5 10. d4 Nbd7 11. Re1 O-O 12. Nf3 Ne4 13. Be3 c4 14. Nbd2 c3 15. bxc3 Nxc3 16. Qc1 Re8 17. a5 Bd6 18. Qb2 Rc8 19. Nb3 Ba6 20. Nc5 {Gledura,B (2645)-Pichot,A (2633) chess.com INT 2023 ½-½ (32)}) 6. Na3 $146 ({RR} 6. a4 b4 7. O-O Be7 8. Nbd2 O-O 9. Re1 a5 10. Nc4 Nbd7 11. h4 Nc5 12. Bg5 h6 13. Bf4 Re8 14. Nh2 Bf8 15. Ng4 e5 16. Bd2 Nxg4 17. Qxg4 Bc8 18. Qe2 Bd7 19. b3 Be6 20. Be3 Nd7 {Timman,T-Enklaar,B Leeuwarden 1972 0-1 (58)}) ({RR} 6. Nc3 a6 7. a4 b4 8. Ne2 Be7 9. O-O O-O 10. Bd2 c5 11. Ng5 d5 12. e5 Nfd7 13. Nf3 Nc6 14. Bf4 d4 15. h4 Nb6 16. Nd2 Nd5 17. Nc4 Rb8 18. Bd2 Qc7 19. f4 f6 20. exf6 Bxf6 {Zakharov,Y (1583)-Vasiltsova,Y (1818) St Petersburg RUS 2024 0-1 (40)}) 6... a6 7. c4 b4 8. Qa4+ Nc6 9. Nc2 a5 10. O-O Nd7 11. Ne3 Nc5 12. Qd1 e5 13. Nd5 Be7 14. h4 Ne6 15. Be3 O-O 16. Qd2 Ncd4 17. Bxd4 exd4 18. Nf4 c5 19. Rae1 Bc8 20. e5 Ra6 21. Nd5 Re8 22. Re2 Bf8 23. Rfe1 h6 24. exd6 Bxd6 25. Ne5 a4 26. Ng4 Bf8 27. Ne5 b3 28. a3 Qa5 29. Qd1 Qd8 30. Re4 Bb7 31. Qh5 g6 32. Qf3 f5 33. R4e2 Ng7 34. g4 Rae6 35. Qg3 Bd6 36. f4 Kh7 37. h5 Bxe5 38. Rxe5 Rxe5 39. hxg6+ Kh8 40. Rxe5 Rxe5 41. fxe5 Qg5 42. e6 Qxg4 43. Qb8+ 1-0

[Event "Titled Tue 20th Dec Late"]
[Site "chess.com INT"]
[Date "2022.12.20"]
[Round "9"]
[White "Andreikin, D."]
[Black "Tang, Andrew"]
[Result "1-0"]
[WhiteElo "2729"]
[BlackElo "2540"]
[PlyCount "51"]
[EventDate "2022.12.20"]

1. Nf3 d5 2. g3 Nf6 3. Bg2 e6 4. O-O Be7 5. d3 O-O 6. Bf4 c5 7. a4 Nc6 8. e4 b6 9. e5 Nd7 10. Re1 Bb7 11. h4 a6 ({RR} 11... Qc7 12. Na3 a6 13. h5 h6 14. c3 Rfc8 15. Qe2 Qd8 16. Nh2 Kh8 17. Ng4 Qg8 18. Nc2 Qh7 19. Bf3 b5 20. axb5 axb5 21. Kg2 Rxa1 22. Rxa1 Ra8 23. Rxa8+ Bxa8 24. Qd2 Bb7 25. b4 cxb4 26. cxb4 {Khenkin,I (2498)-Golubovic,E (2184) chess.com INT 2025 0-1 (56)}) 12. Nbd2 $146 ({RR} 12. Na3 Re8 13. c3 f6 14. exf6 Bxf6 15. d4 cxd4 16. cxd4 Rc8 17. Nc2 Nf8 18. Bh3 h6 19. Qd3 Qe7 20. Ne3 Qb4 21. Red1 Bd8 22. Ng4 Qe7 23. Bd2 Bc7 24. Re1 Nb4 25. Qb3 Bd6 26. Ne3 a5 {Zvjaginsev,V (2598)-Grebnev,A (2486) Moscow RUS 2022 1-0 (47)}) 12... b5 13. Nf1 bxa4 14. Rxa4 Qb6 15. b3 Nd4 16. N1h2 Bc6 17. Ra2 a5 18. Nxd4 cxd4 19. Qg4 Rfc8 20. h5 Bf8 21. Nf3 a4 22. Bh6 Kh8 23. Ng5 Nxe5 24. Rxe5 Qc7 25. Rf5 Be8 26. Nxe6 1-0

[Event "Titled Tue 20th Dec Late"]
[Site "chess.com INT"]
[Date "2022.12.20"]
[Round "9"]
[White "Keymer, Vincent"]
[Black "Indjic, A."]
[Result "1-0"]
[WhiteElo "2696"]
[BlackElo "2636"]
[PlyCount "135"]
[EventDate "2022.12.20"]

1. Nf3 c5 2. c4 Nc6 3. Nc3 g6 4. e3 Bg7 5. d4 d6 6. Be2 Nf6 7. d5 Na5 8. h3 ({RR} 8. O-O Bg4 9. h3 Bxf3 10. Bxf3 O-O 11. Be2 e6 12. Rb1 exd5 13. Nxd5 Nc6 14. b3 Nxd5 15. Qxd5 Qe7 16. Rd1 Rad8 17. Bb2 h5 18. a3 a5 19. Bf3 Rd7 20. Bxg7 Kxg7 21. Qd2 Ra8 22. Qc2 Qf6 {Pantsulaia,L (2614)-Wang,Y (2716) Qinhuangdao 2011 ½-½ (42)}) 8... O-O 9. e4 e5 ({RR} 9... a6 10. Bd2 Rb8 11. a4 e5 12. O-O Nh5 13. Rb1 Nf4 14. Bxf4 exf4 15. Bd3 b6 16. Re1 Re8 17. Qd2 g5 18. b4 cxb4 19. Rxb4 Nb7 20. Rbb1 Nc5 21. Bc2 Qf6 22. Ne2 Nxe4 23. Bxe4 Rxe4 24. Ned4 {Brancaleoni,M (2180)-Andreev,E (2414) chess.com INT 2024 0-1 (39)}) 10. O-O $146 ({RR} 10. g4 h5 11. Bg5 hxg4 12. hxg4 Qb6 13. Nd2 Nh7 14. Be3 Qd8 15. Nf1 Bd7 16. Qd2 f6 17. f4 a6 18. f5 g5 19. Bd3 Rf7 20. Qh2 Bf8 21. Nd2 Rb8 22. Qe2 Qe8 23. a3 b6 24. b4 Nb7 {Lukic,A-Buljovcic,I Skopje 1962 1-0 (41)}) 10... h6 11. a3 b6 12. b4 Nb7 13. Re1 Nh7 14. Rb1 f5 15. Bd2 f4 16. a4 cxb4 17. Rxb4 Bd7 18. Nh2 h5 19. Rb1 Nc5 20. a5 Nf6 21. axb6 axb6 22. Nf3 Bh6 23. Ra1 Rxa1 24. Qxa1 g5 25. Nh2 g4 26. Qd1 Qc8 27. Bc1 Kf7 28. Nb5 Bxb5 29. cxb5 Rg8 30. hxg4 hxg4 31. Ba3 f3 32. Bd3 Bf4 33. g3 Bh6 34. Bxc5 Qxc5 35. Nxf3 gxf3 36. Qxf3 Ke7 37. Kg2 Qc8 38. Ra1 Qg4 39. Ra7+ Nd7 40. Be2 Qxf3+ 41. Bxf3 Bd2 42. Kh3 Rh8+ 43. Kg2 Rg8 44. Kh3 Rd8 45. Bg4 Ke8 46. Bf5 Nf6 47. Rb7 Ba5 48. g4 Kf8 49. g5 Ng8 50. Be6 Ne7 51. Kg4 Be1 52. f3 Bd2 53. Rxb6 Ra8 54. Rb7 Ra1 55. b6 Rg1+ 56. Kh3 Ng6 57. Rf7+ Ke8 58. b7 Rb1 59. Rg7 Nf4+ 60. Kg4 Nxe6 61. dxe6 Rb3 62. Rg8+ Ke7 63. b8=Q Rxb8 64. Rxb8 Kxe6 65. Rf8 d5 66. exd5+ Kxd5 67. g6 Ke6 68. g7 1-0

[Event "Titled Tue 20th Dec Late"]
[Site "chess.com INT"]
[Date "2022.12.20"]
[Round "11"]
[White "Carlsen, M."]
[Black "Keymer, Vincent"]
[Result "1-0"]
[WhiteElo "2859"]
[BlackElo "2696"]
[PlyCount "51"]
[EventDate "2022.12.20"]

1. Nf3 d5 2. g3 Nf6 3. Bg2 c5 4. O-O e6 5. d4 cxd4 6. Nxd4 e5 7. Nb3 Be7 8. c4 ({RR} 8. Qd3 Nc6 9. Rd1 Be6 10. Bg5 e4 11. Qb5 a6 12. Qxb7 Nb4 13. Bxf6 gxf6 14. Bxe4 Rb8 15. Qa7 Rb6 16. c4 Nc6 17. Qxb6 Qxb6 18. cxd5 Ne5 19. dxe6 fxe6 20. N1d2 f5 21. Bf3 O-O 22. Rac1 Rd8 {Aronian,L (2765)-Nakamura,H (2746) Kolkata 2018 ½-½ (38)}) 8... d4 9. f4 $146 ({RR} 9. e3 dxe3 10. Qxd8+ Bxd8 11. Bxe3 O-O 12. Nc3 Nc6 13. Rfd1 Bg4 14. Rd2 Rc8 15. Nb5 Be7 16. c5 Be6 17. Rad1 Ng4 18. Nd6 Bxd6 19. cxd6 Nxe3 20. fxe3 Bxb3 21. axb3 Rfd8 22. Rd5 g6 23. b4 a6 {Maletin,P (2457)-Karpov,V (2240) Novosibirsk 2003 1-0 (31)}) ({RR} 9. e3 Nc6 10. exd4 exd4 11. N1d2 O-O 12. Nf3 d3 13. Be3 Be6 14. Rc1 Nb4 15. Nfd4 Nxa2 16. Ra1 Nb4 17. Nxe6 fxe6 18. Bxb7 Rb8 19. Rxa7 Nc2 20. Bf4 Qb6 21. Bxb8 Rxb8 22. Ra8 Rxa8 23. Bxa8 Qxb3 {Bahmani,K (2208)-Rees,I (2288) chess.com INT 2025 0-1 (45)}) 9... Nbd7 10. Na3 O-O 11. fxe5 Nxe5 12. Bf4 Nfg4 13. Qxd4 Qxd4+ 14. Nxd4 Bxa3 15. bxa3 Nxc4 16. Rfc1 Nge3 17. Bf3 Rd8 18. Nb5 a6 19. Nc7 Ra7 20. a4 b6 21. Rc3 Rd7 22. Rac1 h6 23. Bxe3 Nxe3 24. Rxe3 Raxc7 25. Re8+ Kh7 26. Rxc8 1-0